000
00259nam a22001097a 4500
008
160520b xxu||||| |||| 00| 0 eng d
020
_a
0312178182
041
_a
eng
080
_a
316.77
245
_a
Film an introduction:
_c
William H. Phillip;
942
_2
udc
_c
BK
999
_c
2292
_d
2292